|
|
|
|
| LEADER |
00000cam a2200000 7i4500 |
| 001 |
0000000161 |
| 005 |
20000711.0 |
| 020 |
0 |
0 |
|a 9679783987
|
| 090 |
0 |
0 |
|a 341.026373
|b BIL 1992
|
| 100 |
0 |
0 |
|a BILVEER Singh
|c 1956 -
|
| 245 |
1 |
0 |
|a ZOPFAN & the new security order in the Asia-Pacific region
|c Bilveer Singh
|
| 260 |
0 |
0 |
|a Petaling Jaya, Selangor :
|b Pelanduk Pub. ,
|c 1992
|
| 300 |
|
|
|a 139 p. ;
|c 23 cm.
|
| 500 |
0 |
0 |
|a Bibliographt: [p. 123-133] and index
|
| 650 |
0 |
0 |
|a National security
|z Asia, Southeastern
|
| 650 |
0 |
0 |
|a National security
|z Pacific area
|
| 999 |
|
|
|a 0000001073
|b Monograph
|c Open Shelf
|e Default branch
|